000 00445nam a22001817a 4500
003 CEME
005 20210628205511.0
008 210305b xxu||||| |||| 00| 0 eng d
020 _a0-8306-9205-3
040 _c.
082 _a621.381 HOR'O
100 _aHorn, Delton T
_97189
245 _a101 optoelectronic projects
260 _aUSA
_bTAB BOOKS
_c1989
300 _a227P
650 _aOPTOELECTRONICS PROJECTS
_975811
942 _cBK
_2ddc
999 _c581220
_d581220